Dopady krízy na vybraný priemyselný sektor
Dopady hospodárskej klrízy na ekonomiku Slovenskej republiky. Prehľad vybraných makroekonomických ukazovateľov. Dopad hospodárskej krízy na vybrané odvetvie priemyselnej výroby - výroba a spracovanie kovov a výroba kovových konštrukcií.
Gespeichert in:
| 1. Verfasser: | |
|---|---|
| Format: | Buchkapitel |
| Sprache: | Slowakisch |
| Schlagworte: | |
| Tags: |
Keine Tags, Fügen Sie das erste Tag hinzu!
|
MARC
| LEADER | 00000nla a2200000 4500 | ||
|---|---|---|---|
| 001 | 0180553 | ||
| 005 | 20240502073059.4 | ||
| 041 | 0 | |a slo | |
| 044 | |a SK | ||
| 245 | 1 | 0 | |a Dopady krízy na vybraný priemyselný sektor |c Martin Kello |
| 520 | |a Dopady hospodárskej klrízy na ekonomiku Slovenskej republiky. Prehľad vybraných makroekonomických ukazovateľov. Dopad hospodárskej krízy na vybrané odvetvie priemyselnej výroby - výroba a spracovanie kovov a výroba kovových konštrukcií. | ||
| 610 | 2 | 0 | |a kríza hospodárska |
| 610 | 2 | 0 | |a výroba priemyselná |
| 610 | 2 | 0 | |a kovy |
| 610 | 2 | 0 | |a ukazovatele makroekonomické |
| 610 | 2 | 0 | |a Slovensko |
| 100 | 1 | |a Kello, Martin | |